CAD/CAM Theory and Concepts (Record no. 108)

MARC details
000 -LEADER
fixed length control field 00312nam a22001457a 4500
020 ## - INTERNATIONAL STANDARD BOOK NUMBER
International Standard Book Number 978-81-219-2874-8
041 ## - LANGUAGE CODE
Language code of text/sound track or separate title ENG
100 ## - MAIN ENTRY--PERSONAL NAME
Personal name Sareen.K
245 ## - TITLE STATEMENT
Title CAD/CAM Theory and Concepts
260 ## - PUBLICATION, DISTRIBUTION, ETC. (IMPRINT)
Place of publication, distribution, etc New Delhi
Name of publisher, distributor, etc S.Chand and Company
Date of publication, distribution, etc 2019
300 ## - PHYSICAL DESCRIPTION
Extent 453
650 ## - SUBJECT ADDED ENTRY--TOPICAL TERM
Topical term or geographic name as entry element FMP
700 ## - ADDED ENTRY--PERSONAL NAME
Personal name Grewal.C
856 ## - ELECTRONIC LOCATION AND ACCESS
Uniform Resource Identifier FMP
Holdings
Withdrawn status Lost status Source of classification or shelving scheme Damaged status Not for loan Home library Current library Shelving location Date acquired Cost, normal purchase price Total Checkouts Total Renewals Barcode Date last seen Date checked out Price effective from Koha item type
    Dewey Decimal Classification     College of Agricultural Engineering and Technology, Dapoli , Library College of Agricultural Engineering and Technology, Dapoli , Library General Stacks 22/10/2020 475.00 1 1 007625 28/12/2021 13/12/2021 22/10/2020 Books
    Dewey Decimal Classification     College of Agricultural Engineering and Technology, Dapoli , Library College of Agricultural Engineering and Technology, Dapoli , Library Book Cart 10/08/2022 475.00 1   007892 06/08/2024 30/07/2024 10/08/2022 Books

Contact Us: College of Agricultural Engineering and Technology, Dapoli, Dist.- Ratnagiri
Website: https://dbskkv.org Email: caetlibrary2015@gmail.com